| 000 | 01143cam a2200289 a 4500 | ||
|---|---|---|---|
| 999 |
_c41418 _d41418 |
||
| 001 | 15520840 | ||
| 003 | OSt | ||
| 005 | 20220106132608.0 | ||
| 008 | 081113s2009 njua b 001 0 eng | ||
| 010 | _a 2008047568 | ||
| 020 | _a9780136050735 (pbk.) | ||
| 020 | _a0136050735 (pbk.) | ||
| 040 |
_aDLC _cDLC _dDLC |
||
| 050 | 0 | 0 |
_aGN69.8 _b.H37 2009 |
| 082 | 0 | 0 |
_a614.17 _222 _bSTE/H |
| 100 | 1 |
_aSteadman, Dawnie Wolfe _98981 |
|
| 245 | 1 | 0 |
_aHard evidence : _bcase studies in forensic anthropology / _cedited by Dawnie Wolfe Steadman. |
| 250 | _a2nd ed. | ||
| 260 |
_aUpper Saddle River, N.J. : _bPrentice Hall, _cc2009. |
||
| 300 |
_axxiv, 611 p. : _bill. ; _c26 cm. |
||
| 504 | _aIncludes bibliographical references and index. | ||
| 650 | 0 |
_aForensic anthropology _vCase studies. |
|
| 650 | 0 |
_aForensic osteology _vCase studies. |
|
| 906 |
_a7 _bcbc _corignew _d1 _eecip _f20 _gy-gencatlg |
||
| 942 |
_2ddc _cBK _h614.17 _iSTE/H _k614.17 _mSTE/H |
||